000 00373nam a2200145Ia 4500
008 230917s9999||||xx |||||||||||||| ||und||
040 _e181688
_aMAIN
041 _aEnglish
082 _a006.76 D858B
100 _aDuckett, Jon
245 0 _aBeginning HTML, XHTML, CSS, and Java Script
260 _aNew Delhi
_bWiley-India
_c2010
300 _axxi, 834 p.
942 _cBK
999 _c157313
_d157313